000 00348pam a2200157a 44500
008 230515b1997 xxu||||| |||| 00| 0 eng d
020 _aNULL
041 _aENG
082 _a618.1
100 _aD. C. DATTA
245 _aTEXTBOOK OF GYNAECOLOGY
250 _a0
260 _aNULL
_b"DAWNS BOOK, ND, "
_c1997
300 _a704
650 _aN.D.
999 _c521770
_d521770